Países que incluyen “república” en su nombre - Estadísticas

Estadísticas generales
  • Esta prueba ha sido intentada 67 veces
  • La puntuación promedio es 4 de 5
Estadísticas de respuestas
Número de palabras País % Correcto
2 República Checa
98%
3 República del Congo
98%
4 República Democrática del Congo
95%
2 República Dominicana
91%
2 República Centroafricana
60%
No se encontraron pruebas coincidentes
Distribución de puntuación
Porcentaje de gente con cada puntuación
Porcentaje por número respondido
Historial de tus puntuaciones
No has intentado esta prueba.